| 000 | 01014nas a2200301 4500 | ||
|---|---|---|---|
| 001 | BR8500112 | ||
| 003 | BR-BrBNA | ||
| 005 | 20231205090043.0 | ||
| 007 | ta | ||
| 008 | 230509b bl.|||p| |||| 00| 00por d | ||
| 040 |
_aBR-BrBNA _bpor _cBiblioteca Nacional de Agricultura |
||
| 041 | _a(Pt) | ||
| 072 | _aS10 | ||
| 100 | 1 | _aNunes, J.R.V. | |
| 100 | 1 | _aCosta, P.M.A. | |
| 100 | 1 | _aOliveira, J.S. de | |
| 245 | 1 |
_aIdentificacao da(s)substancia(s)responsavel(is)pelo odor sexual na gordura de suinos machos inteiros _bParte de tese |
|
| 246 | 1 |
_a[Identification of the substance(s)responsible for the sexual odour in the fat of boars] _bPart of thesis |
|
| 650 | _aSUÍNO | ||
| 650 | _aODOR | ||
| 650 | _aANALISE ORGANOLEPTICA | ||
| 650 | _aSEXO | ||
| 650 | _aCROMATOGRAFIA | ||
| 650 | _aGORDURA ANIMAL | ||
| 773 | 0 |
_tRevista da Sociedade Brasileira de Zootecnia (Brazil) _xISSN 0100-4859 _g(1984), v. 13(1) p. 111-132 _wBR8500112 |
|
| 909 |
_a202311 _bLúcia _c55 _dLúcia Elande |
||
| 942 |
_2AGRIS _n0 _cANA |
||
| 999 |
_c115842 _d115842 |
||